| 000 | 00000nam##2200000za#4500 |
| 001 | 9.635852 |
| 003 | CaOODSP |
| 005 | 20250403105337 |
| 007 | cr ||||||||||| |
| 008 | 150407|2006||||xxc|||||o f|0| 0 fre|d |
| 020 | |a978-1-100-90141-1 |
| 040 | |aCaOODSP|bfre |
| 043 | |an-cn--- |
| 086 | 1 |aCS89-634/2-2006F-PDF |
| 245 | 00|aEnfants métis âgés de moins de six ans |h[ressource électronique] |
| 246 | 1 |iTitre additionnel (dans la publication) : |aL'Enquête sur les enfants autochtones, 2006. Enfants métis |
| 260 | |aOttawa - Ontario : |bStatistique Canada |cNovembre 2008. |
| 300 | |a5p.|bgraphiques |
| 590 | |a11-01-Supp|b2011-01-11 |
| 691 | 07|aMétis|2gcpds |
| 710 | 2 |aStatistique Canada. |
| 775 | 08|tMétis children under six years old |w(CaOODSP)9.691524 |
| 856 | 40|ahttp://publications.gc.ca|qPDF|s1289 Ko|uhttps://publications.gc.ca/collections/collection_2010/statcan/89-634-X/89-634-x2008002-fra.pdf |